[Event "10. OSIJEK OPEN"]
[Site "Osijek"]
[Date "2017.02.26"]
[Round "7.14"]
[White "Kajic, Josip"]
[Black "Cenkovcan, Andrija"]
[Result "0-1"]
[WhiteElo "1734"]
[BlackElo "2026"]
[PlyCount "119"]
[EventDate "2017.02.23"]

1. d4 Nf6 2. Nf3 g6 3. g3 Bg7 4. Bg2 O-O 5. O-O c6 6. Nbd2 d6 7. c3 Qc7 8. e4
Bg4 9. h3 Bxf3 10. Bxf3 e5 11. Nb3 Nbd7 12. Re1 Rfe8 13. dxe5 dxe5 14. Be3 c5
15. c4 b6 16. Qc2 Nf8 17. Rad1 Ne6 18. Bg2 Rac8 19. a4 Nd7 20. Nc1 Nb8 21. Ne2
Nd4 22. Nxd4 cxd4 23. Bc1 Qxc4 24. Qxc4 Rxc4 25. Bf1 Rc7 26. b3 Rec8 27. Bc4
Nd7 28. f4 a5 29. Ba6 Rd8 30. Kf2 Nc5 31. Bc4 Nxa4 32. fxe5 Bxe5 33. Bf4 Bxf4
34. gxf4 Nb2 35. Rb1 Nxc4 36. bxc4 Rd6 37. e5 Re6 38. Rec1 f6 39. Rb5 Rec6 40.
Rd1 fxe5 41. fxe5 Rxc4 42. Rxb6 R4c5 43. Rxd4 Rf7+ 44. Kg3 Rxe5 45. Rb8+ Kg7
46. Ra8 Re3+ 47. Kg2 Rb7 48. Rd2 Ra3 49. Rf2 a4 50. Rf3 Rxf3 51. Kxf3 Rb3+ 52.
Kg2 a3 53. Ra6 Kh6 54. h4 Kh5 55. Ra4 h6 56. Kh2 g5 57. hxg5 hxg5 58. Ra5 Kh4
59. Ra8 Rb2+ 60. Kg1 0-1

[Event "10. OSIJEK OPEN"]
[Site "Osijek"]
[Date "2017.02.26"]
[Round "7.15"]
[White "Krnic, Matija"]
[Black "Lovakovic, Franjo"]
[Result "1/2-1/2"]
[WhiteElo "1727"]
[BlackElo "1870"]
[PlyCount "106"]
[EventDate "2017.02.23"]

1. e4 e6 2. d4 d5 3. exd5 exd5 4. Nf3 Nf6 5. Be2 Bd6 6. Bg5 h6 7. Bh4 g5 8. Bg3
Bxg3 9. hxg3 Qe7 10. Nc3 Be6 11. Qd3 Nbd7 12. Nxg5 O-O-O 13. Nxe6 fxe6 14.
O-O-O Kb8 15. Bf3 Ka8 16. Rde1 Nb6 17. Re2 Nc4 18. a3 c6 19. Rhe1 Rd6 20. Na4
b6 21. b4 h5 22. Nb2 b5 23. Nxc4 bxc4 24. Qc3 Re8 25. Re5 Qf7 26. Rh1 Rh8 27.
Qd2 a6 28. Qf4 Qe7 29. Qh4 Qf7 30. g4 Nxg4 31. Bxg4 Qf4+ 32. Re3 Qxd4 33. c3
Qg7 34. Kb2 d4 35. Rxe6 dxc3+ 36. Kc1 Rxe6 37. Bxe6 Qh6+ 38. Kc2 Qxe6 39. Kxc3
Qd5 40. Qd4 Rg8 41. Qxd5 cxd5 42. g3 Rf8 43. f4 Rf5 44. Kd4 Kb7 45. Kc5 Kc7 46.
a4 Kb7 47. Re1 h4 48. gxh4 Rxf4 49. Rh1 c3 50. Kxd5 Rxb4 51. h5 c2 52. Rc1 Rxa4
53. Rxc2 Rh4 1/2-1/2

[Event "10. OSIJEK OPEN"]
[Site "Osijek"]
[Date "2017.02.26"]
[Round "7.16"]
[White "Dabic, Stjepan"]
[Black "Rendulic, Dragan"]
[Result "1-0"]
[WhiteElo "1873"]
[BlackElo "1750"]
[PlyCount "53"]
[EventDate "2017.02.23"]

1. d4 Nf6 2. c4 g6 3. Nc3 d5 4. Bd2 Bg7 5. cxd5 Nxd5 6. e4 Nb6 7. Be3 O-O 8. f4
N8d7 9. Nf3 Nf6 10. h3 Nh5 11. Kf2 Nf6 12. Be2 c6 13. Rf1 Be6 14. b3 Nh5 15.
Ng5 Nf6 16. Nxe6 fxe6 17. Kg1 Nbd7 18. Bc4 Kh8 19. Bxe6 Qc7 20. e5 Nh5 21. g4
Ng3 22. Rf3 Nxe5 23. fxe5 Bxe5 24. Rxf8+ Rxf8 25. dxe5 Qxe5 26. Bd4 Rf1+ 27.
Kg2 1-0

[Event "10. OSIJEK OPEN"]
[Site "Osijek"]
[Date "2017.02.26"]
[Round "7.17"]
[White "Mandaric, Fran"]
[Black "Sos, Fran"]
[Result "0-1"]
[WhiteElo "1682"]
[BlackElo "1894"]
[PlyCount "86"]
[EventDate "2017.02.23"]

1. e4 c5 2. Nc3 g6 3. f4 Bg7 4. Nf3 d6 5. Bb5+ Nd7 6. d3 a6 7. Bxd7+ Bxd7 8.
O-O e6 9. Qe1 Ne7 10. Rb1 Qc7 11. Kh1 Bc6 12. h3 d5 13. a3 b5 14. b4 cxb4 15.
axb4 Qb7 16. Bd2 Rc8 17. Rb2 O-O 18. e5 d4 19. Ne2 Bxf3 20. Rxf3 Nf5 21. Ng3
Nxg3+ 22. Rxg3 Rc6 23. Qe4 Qd7 24. Be1 Qc7 25. Qxd4 Rxc2 26. Rxc2 Qxc2 27. Qc3
Rc8 28. Qxc2 Rxc2 29. Kg1 Bf8 30. Kh2 Rb2 31. d4 Bxb4 32. Bxb4 Rxb4 33. Rd3 a5
34. g4 Rb2+ 35. Kg3 a4 36. Rc3 Rb3 37. Rxb3 axb3 38. f5 b2 39. fxe6 fxe6 40.
Kf4 b1=Q 41. Kg5 Qf1 42. h4 Kg7 43. d5 h6# 0-1

[Event "10. OSIJEK OPEN"]
[Site "Osijek"]
[Date "2017.02.26"]
[Round "7.18"]
[White "Turicar, Goran"]
[Black "Galonja, Igor"]
[Result "1-0"]
[WhiteElo "1866"]
[BlackElo "1750"]
[PlyCount "73"]
[EventDate "2017.02.23"]

1. e4 d5 2. exd5 Nf6 3. c4 c6 4. Nc3 cxd5 5. d4 e6 6. Nf3 Be7 7. c5 O-O 8. Bd3
h6 9. O-O Nc6 10. a3 a5 11. Bc2 b6 12. Be3 bxc5 13. dxc5 Ba6 14. Re1 Rb8 15.
Ba4 Qc7 16. Qc1 Ng4 17. Bf4 Qb7 18. Bxb8 Rxb8 19. b4 axb4 20. Nxd5 exd5 21.
Bxc6 Qc7 22. axb4 Bc4 23. h3 Bf6 24. Ra8 Rxa8 25. Bxa8 Ne5 26. Nxe5 Bxe5 27.
Qd2 d4 28. Bf3 d3 29. Be4 Bf4 30. Bxd3 Be6 31. Qc2 Qb7 32. b5 Bb8 33. b6 Kf8
34. Bf5 Bd5 35. Be4 Qe7 36. Qe2 Qe5 37. g3 1-0

[Event "10. OSIJEK OPEN"]
[Site "Osijek"]
[Date "2017.02.26"]
[Round "7.19"]
[White "Franc, Borna"]
[Black "Tomasic, Dragutin"]
[Result "0-1"]
[WhiteElo "1638"]
[BlackElo "1872"]
[PlyCount "102"]
[EventDate "2017.02.23"]

1. e4 c5 2. Nf3 a6 3. c3 Nf6 4. e5 Nd5 5. d4 cxd4 6. cxd4 d6 7. Be2 Nc6 8. O-O
e6 9. Nc3 dxe5 10. dxe5 Nxc3 11. Qxd8+ Nxd8 12. bxc3 Bd7 13. Be3 Rc8 14. Rac1
Ba3 15. Rc2 Ba4 16. Rd2 Rxc3 17. Bg5 Nc6 18. Rd3 Rxd3 19. Bxd3 h6 20. Bd2 Ke7
21. Rb1 b5 22. Be4 Rc8 23. Kf1 g5 24. h3 Kd7 25. Ke2 Rb8 26. Kd3 b4 27. Kc4
Bb5+ 28. Kb3 Na5+ 29. Kc2 Bc4 30. Rd1 Kc7 31. Ra1 Rd8 32. Be1 Kb6 33. Nd2 Be2
34. Nb3 Nc4 35. Rb1 a5 36. f4 a4 37. Bf2+ Kc7 38. Nd4 Kc8 39. g3 gxf4 40. gxf4
Bh5 41. Kd3 Nb2+ 42. Kc2 Nc4 43. Kd3 Nb6 44. Kc2 Nd5 45. Nc6 Rd7 46. Bxd5 Bg6+
47. Kd1 Bxb1 48. Ke2 exd5 49. Bb6 Bxa2 50. f5 Rb7 51. Bc5 Rc7 0-1

[Event "10. OSIJEK OPEN"]
[Site "Osijek"]
[Date "2017.02.26"]
[Round "7.20"]
[White "Vidakovic, Mato"]
[Black "Damjanovic, Stjepan"]
[Result "1/2-1/2"]
[WhiteElo "1816"]
[BlackElo "1651"]
[PlyCount "129"]
[EventDate "2017.02.23"]

1. e4 e5 2. Nf3 Nc6 3. Bc4 Bc5 4. O-O d6 5. c3 Nf6 6. d4 exd4 7. cxd4 Bb6 8.
Bg5 h6 9. Bh4 g5 10. e5 dxe5 11. dxe5 Qxd1 12. Rxd1 Ne4 13. Bg3 Nxg3 14. hxg3
g4 15. Ne1 Nxe5 16. Bb3 Bd7 17. Nc3 O-O-O 18. Nd3 Nxd3 19. Rxd3 f5 20. Rad1 c6
21. Ne2 Kc7 22. Nf4 Bc8 23. Ne6+ Bxe6 24. Rxd8 Rxd8 25. Rxd8 Kxd8 26. Bxe6 Bd4
27. b3 f4 28. Kf1 fxg3 29. fxg3 Ke7 30. Bxg4 Kf6 31. Ke2 Kg5 32. Kf3 Be5 33.
Bd7 Kf6 34. a4 Ke7 35. Bf5 Kd6 36. g4 Bf6 37. Ke4 Kc5 38. Be6 Kb4 39. Kd3 b5
40. axb5 cxb5 41. Kc2 a5 42. Bd7 a4 43. bxa4 bxa4 44. Be6 a3 45. Ba2 Bb2 46.
Kd3 Bf6 47. Be6 Kc5 48. Bf7 Kd6 49. Ke4 Bg5 50. g3 Ke7 51. Bg8 Kf6 52. Ba2 Bd2
53. Bc4 Kg5 54. Kf3 Be1 55. Be6 Kf6 56. Bb3 Ke5 57. Ke3 Bxg3 58. Kd3 Kf4 59.
Be6 a2 60. Bxa2 Kxg4 61. Ke3 h5 62. Be6+ Kg5 63. Kf3 h4 64. Kg2 Kf4 65. Kh3
1/2-1/2

[Event "10. OSIJEK OPEN"]
[Site "Osijek"]
[Date "2017.02.26"]
[Round "7.21"]
[White "Perci, Franjo"]
[Black "Ljubicic, Ninoslav"]
[Result "1/2-1/2"]
[WhiteElo "1724"]
[BlackElo "1807"]
[PlyCount "109"]
[EventDate "2017.02.23"]

1. e4 g6 2. d4 Bg7 3. Be3 b6 4. c4 Bb7 5. Nc3 Nf6 6. e5 Ne4 7. Nxe4 Bxe4 8. f3
Bb7 9. Qd2 O-O 10. h4 d6 11. h5 dxe5 12. hxg6 fxg6 13. O-O-O exd4 14. Bh6 Rf7
15. Nh3 Bf6 16. Bd3 Qd6 17. Ng5 Bxg5 18. Bxg5 Nd7 19. Rh6 Nf8 20. f4 Bc8 21.
Be4 Rb8 22. Qxd4 Qxd4 23. Rxd4 Bf5 24. Bxf5 gxf5 25. Rc6 e6 26. Bh6 Re8 27. Rd3
Ng6 28. Re3 e5 29. fxe5 Nxe5 30. Bf4 Rfe7 31. Bxe5 Rxe5 32. Rg3+ Kf7 33. Rxc7+
R8e7 34. Rxe7+ Rxe7 35. Kc2 Kf6 36. b4 f4 37. Rg8 Kf5 38. Kc3 Ke4 39. c5 bxc5
40. bxc5 Kd5 41. Rg5+ Kc6 42. Kd4 a5 43. Rf5 Rd7+ 44. Kc4 Rd2 45. Rf6+ Kc7 46.
Rf5 Rxg2 47. Rxf4 Rc2+ 48. Kb5 Rb2+ 49. Kxa5 Kc6 50. Rf5 Rb8 51. Rh5 Rb5+ 52.
Ka6 Rb8 53. Ka7 Rb7+ 54. Ka8 Rb5 55. a4 1/2-1/2

[Event "10. OSIJEK OPEN"]
[Site "Osijek"]
[Date "2017.02.26"]
[Round "7.22"]
[White "Pralija, Marin"]
[Black "Vurdelja, Slavko"]
[Result "0-1"]
[WhiteElo "1714"]
[BlackElo "1885"]
[PlyCount "100"]
[EventDate "2017.02.23"]

1. c4 e5 2. g3 c6 3. Bg2 d6 4. Nc3 Be6 5. d3 f5 6. e3 Nf6 7. Nge2 g6 8. d4 Bxc4
9. dxe5 dxe5 10. Qxd8+ Kxd8 11. O-O Nbd7 12. b3 Bxe2 13. Nxe2 Bd6 14. Bb2 Ke7
15. Rfd1 Rhd8 16. f4 e4 17. Nd4 Nd5 18. Kf2 a6 19. a3 N7f6 20. h3 Nd7 21. b4
N7f6 22. Rac1 h5 23. Ne2 a5 24. bxa5 Rxa5 25. Ra1 Rda8 26. Nd4 Bxa3 27. Nb3 Ra4
28. Bd4 Bd6 29. Rac1 Ra2+ 30. Kg1 Rb8 31. Bf1 Ra3 32. Rb1 b6 33. Rdc1 c5 34.
Nxc5 bxc5 35. Rxb8 cxd4 36. Rb7+ Kd8 37. Rc6 Be7 38. exd4 Rxg3+ 39. Kh2 Ra3 40.
Rb8+ Kd7 41. Ra6 Kc7 42. Rxa3 Bxa3 43. Ra8 Bd6 44. Kg2 Bxf4 45. Ra2 Ne3+ 46.
Kf2 Kd6 47. Ke1 g5 48. h4 Kd5 49. hxg5 Bxg5 50. Rh2 Kxd4 {Illegible moves of
both players} 0-1

[Event "10. OSIJEK OPEN"]
[Site "Osijek"]
[Date "2017.02.26"]
[Round "7.23"]
[White "Mutapcic, Ilija"]
[Black "Trepsic, Zvonimir"]
[Result "0-1"]
[WhiteElo "1807"]
[BlackElo "1680"]
[PlyCount "76"]
[EventDate "2017.02.23"]

1. f4 d5 2. Nf3 Nf6 3. e3 c5 4. Be2 Nc6 5. b3 e6 6. Bb2 Be7 7. d3 O-O 8. Nbd2
Ng4 9. Nf1 d4 10. e4 Qa5+ 11. Qd2 Nb4 12. Bd1 Ne3 13. c3 Nxg2+ 14. Kf2 dxc3 15.
Bxc3 Nxf4 16. Bxb4 Nxd3+ 17. Qxd3 cxb4 18. Ne3 Bf6 19. e5 Bxe5 20. Bc2 g6 21.
Nxe5 Qxe5 22. Rae1 Qf4+ 23. Ke2 e5 24. Ref1 Qh4 25. h3 Be6 26. Qe4 Qh5+ 27. Ke1
Rac8 28. Qxb4 Rfd8 29. Bd1 Qg5 30. Ng4 Bxg4 31. Qxg4 Qe3+ 32. Qe2 Qc3+ 33. Kf2
Rd2 34. Qxd2 Qxd2+ 35. Be2 Rc2 36. Re1 Qf4+ 37. Kg2 Qe3 38. Kf1 Rxe2 0-1

[Event "10. OSIJEK OPEN"]
[Site "Osijek"]
[Date "2017.02.26"]
[Round "7.24"]
[White "Ristanic, Petar"]
[Black "Dragicevic, Ivica"]
[Result "1/2-1/2"]
[WhiteElo "1728"]
[BlackElo "1686"]
[PlyCount "78"]
[EventDate "2017.02.23"]

1. e4 c6 2. d4 d5 3. Nc3 dxe4 4. Nxe4 Bf5 5. Ng3 Bg6 6. Bc4 e6 7. Nf3 Nf6 8.
Bf4 Nbd7 9. O-O Be7 10. Re1 O-O 11. Qe2 Nd5 12. Bxd5 cxd5 13. Qb5 b6 14. c3 Bf6
15. Ne5 Nxe5 16. dxe5 Be7 17. Rad1 a6 18. Qe2 b5 19. Qe3 Qc7 20. Ne2 Bh5 21.
Rc1 Bg6 22. Nd4 Rfc8 23. Qd2 Qd8 24. Be3 Qa5 25. a3 Qd8 26. f4 Bc5 27. b4 Bxd4
28. Bxd4 Be4 29. Bc5 a5 30. Qf2 axb4 31. axb4 Ra3 32. Rcd1 Qe8 33. Qb2 Rca8 34.
Ra1 R3a4 35. Bb6 R4a6 36. Bc5 Bd3 37. Rxa6 Rxa6 38. Ra1 Qa8 39. Rxa6 Qxa6
1/2-1/2

[Event "10. OSIJEK OPEN"]
[Site "Osijek"]
[Date "2017.02.26"]
[Round "7.25"]
[White "Cvijanovic, Srecko"]
[Black "Rogulja, Marko"]
[Result "1-0"]
[WhiteElo "1805"]
[BlackElo "1528"]
[PlyCount "79"]
[EventDate "2017.02.23"]

1. e4 e5 2. Nf3 Nc6 3. Bb5 a6 4. Ba4 b5 5. Bb3 Bc5 6. c3 h6 7. O-O Nge7 8. d4
exd4 9. cxd4 Bb6 10. d5 Na5 11. Bc2 O-O 12. b3 Nb7 13. Bb2 Ng6 14. Nd4 d6 15.
Nc6 Qh4 16. g3 Qg5 17. Kh1 h5 18. f4 Qh6 19. Kg2 Bg4 20. Qe1 h4 21. f5 hxg3 22.
Qxg3 Nh4+ 23. Kh1 Qh5 24. Nd4 f6 25. Rf4 Bf3+ 26. Nxf3 Nxf3 27. Qxf3 Qxf3+ 28.
Rxf3 Kf7 29. b4 Rh8 30. Nd2 Rh4 31. Kg2 Rah8 32. h3 R8h6 33. Rg3 a5 34. a3 axb4
35. axb4 Nd8 36. Nf3 R4h5 37. Bd4 Bxd4 38. Nxd4 Ke7 39. Ra7 Kd7 40. Nxb5 1-0

[Event "10. OSIJEK OPEN"]
[Site "Osijek"]
[Date "2017.02.26"]
[Round "7.26"]
[White "Vukajlovic, Zorana"]
[Black "Dzaferovic, Emir"]
[Result "1-0"]
[WhiteElo "1728"]
[BlackElo "1719"]
[PlyCount "63"]
[EventDate "2017.02.23"]

1. e4 e5 2. Nf3 Nc6 3. Bc4 Bc5 4. c3 Nf6 5. d3 d6 6. h3 h6 7. Nbd2 a6 8. a3 Nh5
9. Nxe5 Bxf2+ 10. Kxf2 Qh4+ 11. Kg1 Nxe5 12. Nf3 Nxf3+ 13. Qxf3 Be6 14. Bxe6
fxe6 15. Be3 Rf8 16. Qg4 Qxg4 17. hxg4 Ng3 18. Rh3 Ne2+ 19. Kh1 Nf4 20. Bxf4
Rxf4 21. Rf3 e5 22. Rxf4 exf4 23. Rf1 Ke7 24. Rxf4 Rf8 25. Rf3 Rxf3 26. gxf3 g5
27. Kg2 c5 28. Kg3 a5 29. a4 b6 30. f4 gxf4+ 31. Kxf4 Ke6 32. b3 1-0

[Event "10. OSIJEK OPEN"]
[Site "Osijek"]
[Date "2017.02.26"]
[Round "7.27"]
[White "Slobodjanac, Sinisa"]
[Black "Juric, Ester"]
[Result "1-0"]
[WhiteElo "1804"]
[BlackElo "1445"]
[PlyCount "67"]
[EventDate "2017.02.23"]

1. b4 e5 2. Bb2 d6 3. e3 a6 4. c4 Nf6 5. Nc3 b6 6. a4 Bb7 7. Qb3 Be7 8. a5 Nbd7
9. axb6 cxb6 10. d4 exd4 11. exd4 O-O 12. d5 Re8 13. Be2 Bf8 14. Nf3 Rc8 15.
O-O Ne4 16. Nxe4 Rxe4 17. Bd3 Re8 18. Rfe1 Qc7 19. Qc2 g6 20. Qc3 f6 21. Rxe8
Rxe8 22. Nd4 Ne5 23. Ne6 Qf7 24. Be2 Rc8 25. Qd4 b5 26. cxb5 axb5 27. Bxb5 Rc2
28. Ra7 Rc8 29. Ba6 Rb8 30. f4 Ng4 31. h3 Nh6 32. Bxb7 Rxb7 33. Ra8 Nf5 34. Qc3
1-0

[Event "10. OSIJEK OPEN"]
[Site "Osijek"]
[Date "2017.02.26"]
[Round "7.28"]
[White "Kovac, Petar"]
[Black "Biljcevic, Miodrag"]
[Result "1/2-1/2"]
[WhiteElo "1447"]
[BlackElo "1745"]
[PlyCount "32"]
[EventDate "2017.02.23"]

1. d4 Nf6 2. c4 g6 3. Nc3 Bg7 4. Nf3 O-O 5. Bg5 c6 6. e3 d5 7. h3 Re8 8. Bd3
Nbd7 9. O-O h6 10. Bh4 g5 11. Bg3 Nf8 12. cxd5 cxd5 13. Nb5 Ne6 14. Bf5 a6 15.
Bxe6 axb5 16. Bxc8 Rxc8 1/2-1/2

[Event "10. OSIJEK OPEN"]
[Site "Osijek"]
[Date "2017.02.26"]
[Round "7.30"]
[White "Stojkovic, Goran"]
[Black "Ascic, Matos"]
[Result "0-1"]
[WhiteElo "1418"]
[BlackElo "1721"]
[PlyCount "100"]
[EventDate "2017.02.23"]

1. d4 d5 2. c4 Nf6 3. Nc3 c6 4. Bg5 dxc4 5. e3 b5 6. a4 b4 7. Na2 b3 8. Nc3 Be6
9. a5 Nbd7 10. Ra4 Nd5 11. Bxc4 Nxc3 12. bxc3 Bxc4 13. Rxc4 Qxa5 14. Bf4 e5 15.
dxe5 Qb5 16. Rd4 b2 17. Qb1 Qb3 18. Ne2 Nb6 19. O-O Bc5 20. Rd3 Nc4 21. Nd4
Bxd4 22. cxd4 Qb4 23. e4 Na3 24. Bd2 Qxd2 25. Rxd2 Nxb1 26. Rxb1 Kd7 27. Rdxb2
Rhc8 28. Rb7+ Rc7 29. f4 a5 30. Kf2 a4 31. f5 a3 32. e6+ fxe6 33. fxe6+ Kd8 34.
Rxc7 Kxc7 35. Ke3 a2 36. Ra1 Kd6 37. e7 Kxe7 38. Kd3 Kd6 39. g3 Ra4 40. Kc3 c5
41. dxc5+ Kxc5 42. e5 Kd5 43. Kd3 Kxe5 44. Kc3 Ke4 45. Kb3 Ra7 46. Rxa2 Rxa2
47. Kxa2 Kf3 48. Kb3 Kg2 49. h4 Kxg3 50. h5 Kh4 0-1

[Event "10. OSIJEK OPEN"]
[Site "Osijek"]
[Date "2017.02.26"]
[Round "7.31"]
[White "Kopecki, Ivica"]
[Black "Borzan, Andrej"]
[Result "0-1"]
[WhiteElo "1563"]
[BlackElo "1654"]
[PlyCount "86"]
[EventDate "2017.02.23"]

1. e4 e5 2. Nf3 Nc6 3. d4 exd4 4. Nxd4 Qh4 5. Nxc6 Qxe4+ 6. Qe2 Qxe2+ 7. Bxe2
dxc6 8. O-O Be6 9. Re1 O-O-O 10. Be3 Nf6 11. Bg5 Be7 12. Nc3 h6 13. Be3 Nd5 14.
Nxd5 cxd5 15. a4 a6 16. Bd4 Rhg8 17. Rab1 c5 18. Bc3 Bg5 19. Ba5 Rd6 20. b4 Bd2
21. Red1 Bxb4 22. Bxb4 cxb4 23. Rxb4 Kc7 24. Bf3 Re8 25. g3 b6 26. c4 d4 27. c5
bxc5 28. Rb7+ Kd8 29. Rdb1 Re7 30. R7b6 Rxb6 31. Rxb6 Bc4 32. Rb8+ Kd7 33. Rb7+
Kd6 34. Rb6+ Ke5 35. Rc6 d3 36. Rxc5+ Kd4 37. Rc6 Re1+ 38. Kg2 d2 39. Rd6+ Kc3
40. h4 Be2 41. Rc6+ Kb4 42. Rb6+ Ka5 43. Rd6 d1=Q 0-1

[Event "10. OSIJEK OPEN"]
[Site "Osijek"]
[Date "2017.02.26"]
[Round "7.32"]
[White "Jakovljevic, Tadija"]
[Black "Juric, Matea"]
[Result "0-1"]
[WhiteElo "1600"]
[BlackElo "1352"]
[PlyCount "70"]
[EventDate "2017.02.23"]

1. d4 d5 2. c4 e6 3. a3 c5 4. Nf3 Nc6 5. dxc5 Bxc5 6. e3 Nf6 7. b4 Be7 8. Bb2
a6 9. c5 b6 10. b5 axb5 11. Bxb5 Bd7 12. Bxc6 Bxc6 13. Ne5 Rc8 14. Nxc6 Rxc6
15. cxb6 Qxb6 16. Bd4 Qc7 17. O-O O-O 18. Nd2 Ra8 19. a4 Rc2 20. a5 Bb4 21. Bb6
Qc6 22. Nb3 Qc4 23. Nd4 Rd2 24. Qc1 Qd3 25. a6 Nd7 26. Ba5 Bxa5 27. Rxa5 h6 28.
Qc6 Rd1 29. h3 Qxf1+ 30. Kh2 Qxf2 31. Rxd5 Rg1 32. Rxd7 Rxa6 33. Rd8+ Kh7 34.
Qe4+ g6 35. Rd7 Raa1 0-1

[Event "10. OSIJEK OPEN"]
[Site "Osijek"]
[Date "2017.02.26"]
[Round "7.33"]
[White "Borzan, Matej"]
[Black "Budic, Stanko"]
[Result "1-0"]
[WhiteElo "1575"]
[BlackElo "1512"]
[PlyCount "85"]
[EventDate "2017.02.23"]

1. d4 Nf6 2. c4 e6 3. Nc3 d5 4. Bg5 Be7 5. Nf3 O-O 6. e3 Kh8 7. Bd3 h6 8. Bh4
Ng8 9. Bxe7 Qxe7 10. cxd5 a6 11. O-O c6 12. dxe6 Bxe6 13. h3 Nd7 14. Bc2 f5 15.
Bb3 Bxb3 16. Qxb3 Ngf6 17. Rab1 h5 18. a3 Ne4 19. Qc2 Nxc3 20. Qxc3 Rac8 21. b4
Qe4 22. Rbc1 Qd5 23. Rfe1 Rfe8 24. Nd2 Re6 25. Nb3 Rg6 26. f3 Qxf3 27. Qd2 Qd5
28. Nc5 Nxc5 29. Rxc5 Qe4 30. Rf1 Re8 31. Rc3 Qh4 32. Kh1 Qg5 33. Qf2 Rf8 34.
Rc2 h4 35. Qf4 Rff6 36. Qxg5 Rxg5 37. Kg1 Re6 38. Rf3 Rf6 39. Rc5 Rfg6 40. Rf2
Rg3 41. Rc3 Rxh3 42. Rxf5 Rgg3 43. Kf2 {Illegible moves of both players} 1-0

[Event "10. OSIJEK OPEN"]
[Site "Osijek"]
[Date "2017.02.26"]
[Round "7.34"]
[White "Stimac, Mate"]
[Black "Franc, Tomislav"]
[Result "1/2-1/2"]
[WhiteElo "1454"]
[BlackElo "1383"]
[PlyCount "112"]
[EventDate "2017.02.23"]

1. e4 e5 2. Nf3 Nc6 3. d4 d6 4. Bb5 Bd7 5. a3 Nf6 6. Nc3 a6 7. Bc4 exd4 8. Nxd4
Na5 9. Ba2 Be7 10. Be3 O-O 11. O-O c5 12. Nf3 Nc6 13. h3 Ne5 14. Re1 Bc6 15.
Bf4 Qc7 16. b3 Rad8 17. Qc1 Nxf3+ 18. gxf3 Qd7 19. Kh2 Rfe8 20. Rg1 Kh8 21. Qf1
Nh5 22. Be3 Bf6 23. Bd2 d5 24. Rd1 Qc7+ 25. Kh1 Bxc3 26. Bxc3 dxe4 27. Rxd8
Rxd8 28. Qg2 f6 29. fxe4 Qf4 30. f3 Re8 31. Qg4 Rxe4 32. Bxf6 Qxf3+ 33. Qxf3
Re2 34. Bxg7+ Nxg7 35. Qxc6 bxc6 36. Rg2 Re1+ 37. Rg1 Rxg1+ 38. Kxg1 Nf5 39. b4
Nd4 40. c3 Ne2+ 41. Kf2 Nxc3 42. Bc4 cxb4 43. axb4 Nb5 44. Be6 Nd4 45. Bd7 Nc2
46. Bxc6 Nxb4 47. Ba4 Kg7 48. Kg3 Kg6 49. Kg4 h5+ 50. Kh4 Nd5 51. Be8+ Kh6 52.
Bxh5 Nf6 53. Bd1 a5 54. Be2 Nd5 55. Kg3 Nc3 56. Kf3 a4 1/2-1/2

[Event "10. OSIJEK OPEN"]
[Site "Osijek"]
[Date "2017.02.26"]
[Round "7.35"]
[White "Medved, Dorian"]
[Black "Nemet, Tomica"]
[Result "1/2-1/2"]
[WhiteElo "1345"]
[BlackElo "1626"]
[PlyCount "38"]
[EventDate "2017.02.23"]

1. e4 c5 2. Nf3 d6 3. d4 cxd4 4. Nxd4 a6 5. Nc3 e6 6. Bd3 Nf6 7. O-O Nc6 8. Nf3
Be7 9. Bd2 Qc7 10. Re1 O-O 11. Qe2 b5 12. a3 Bb7 13. Qe3 Ng4 14. Qf4 Nge5 15.
Nxe5 Nxe5 16. Qg3 Ng6 17. Re2 Bh4 18. Qf3 Qe7 19. Rd1 Bf6 1/2-1/2